000 00951nam a22001817a 4500
003 NUST
040 _a0
082 _a621.382,REH
100 _aRehman, Inam Ur
_9118412
245 _aMedia Forensics Fake / Forged / Tempered Multimedia Content Detection /
_cInam Ur Rehman, Malik MatiUllah, Muhammad Musab and Talal Arif Shah. (TCC-31 / BETE-56)
264 _aRawalpindi
_bMCS (NUST)
_c2023
300 _a84 p.;
505 _aTechnical Keywords (Page-2), Introduction (Page-2), Problem Definition and Solution (Page-8), Literature Review (Page-11), Project Methodology (Page-15), project Plan (Page-20), Software Design Specification (Page-31), Project Implementation (Page-40), Deployment and Maintenance (Page-54), Results and Discussions (Page-59), Conclusion and Future Scope (Page-63).
650 _a UG EE Project
_9118090
690 _aTCC-31 / BETE-56
_9118237
700 _aSupervised by Dr. Haider Abbas
_9132603
942 _2ddc
_cPR
999 _c603365
_d603365